000 00625cam a22001574a 4500
005 20250605163315.0
008 250528s ||||||||||||||||||||||||d
035 _a16524
040 _aGR-AtMCL
_bgre
_dGR-AtMCL
_eAACR2
245 1 _aΜακεδονία / Ιστορία και Πολιτική
260 _bΟργανισμός Εκδόσεων Διδακτικών Βιβλίων,
_c1992
520 _aΗ Μακεδονία στην Ιστορία, Πρόλογος Υπουργού Παιδείας, Το Μακεδονικό Ζήτημα στην Εποχή μας.
942 _cBK
999 _c2018
_d2018